000
00281 a2200133 4500
001
49899
020
_a
8575200577
040
_c
Anchieta - Bela Vista
240
1
0
_a
O barba azul
_l
por
245
1
0
_a
O barba azul
300
_a
8
650
4
_a
Literatura infanto-juvenil
942
_c
BK
999
_c
49899
_d
49899